| 000 | 005790000a22001810004500 | ||
|---|---|---|---|
| 003 | MACL | ||
| 005 | 20160602125251.0 | ||
| 008 | 160602b xxu||||| |||| 00| 0 eng d | ||
| 040 |
_aMACL _cMACL |
||
| 041 | _aHindi | ||
| 082 | _a954 | ||
| 100 |
_aअग्रवाल, अलका _954294 |
||
| 245 |
_aगॉधी दर्शन : विविध आयाम _cअलका अग्रवाल |
||
| 260 |
_bपोइन्टर पब्लिशर्स _c1999 _aजयपुर |
||
| 350 | _a400 | ||
| 650 |
_aIndian History _9227 |
||
| 942 |
_cHIN _k954 _2ddc |
||
| 999 |
_c18222 _d18222 |
||